Raggedy Ann and Andy : (Record no. 9688)
[ view plain ]
| 000 -LEADER | |
|---|---|
| fixed length control field | 01167nam a22002657a 4500 |
| 001 - CONTROL NUMBER | |
| control field | 9688 |
| 003 - CONTROL NUMBER IDENTIFIER | |
| control field | FISKH |
| 005 - DATE AND TIME OF LATEST TRANSACTION | |
| control field | 20260129145010.0 |
| 008 - FIXED-LENGTH DATA ELEMENTS--GENERAL INFORMATION | |
| fixed length control field | 260129b cb ||||| |||| 00| 0 eng d |
| 040 ## - CATALOGING SOURCE | |
| Original cataloging agency | FISKH |
| Language of cataloging | eng |
| Transcribing agency | FISKH |
| Modifying agency | FISKH |
| 050 ## - LIBRARY OF CONGRESS CALL NUMBER | |
| Classification number | PZ7 |
| 082 ## - DEWEY DECIMAL CLASSIFICATION NUMBER | |
| Classification number | 813.54 |
| 100 ## - MAIN ENTRY--PERSONAL NAME | |
| Personal name | Hazen, Barbara Shook |
| Relator term | Author |
| 245 ## - TITLE STATEMENT | |
| Title | Raggedy Ann and Andy : |
| Remainder of title | and the rainy-day circus / |
| Statement of responsibility, etc. | by Barbara Shook Hazen ; illustrated by June Goldsborough |
| 260 ## - PUBLICATION, DISTRIBUTION, ETC. | |
| Place of publication, distribution, etc. | Wisconsin : |
| Name of publisher, distributor, etc. | Golden Press , |
| Date of publication, distribution, etc. | 1979 |
| 300 ## - PHYSICAL DESCRIPTION | |
| Extent | 22 unnumbered pages : |
| Other physical details | color illustrations ; |
| Dimensions | 20 cm |
| 505 ## - FORMATTED CONTENTS NOTE | |
| Formatted contents note | E<br/> |
| 520 ## - SUMMARY, ETC. | |
| Summary, etc. | In Raggedy Ann and Andy and the Rainy-Day Circus, Raggedy Ann and Andy’s friend Marcella plans to go to the circus, but rain washes out the outing. To keep things fun, the beloved rag dolls and their toy friends decide to put on their own circus show right in the nursery — performing circus tricks and sharing laughter while they wait for Marcella to return. |
| 521 8# - TARGET AUDIENCE NOTE | |
| Target audience note | 200<br/> |
| Source | Lexile estimate<br/> |
| 521 8# - TARGET AUDIENCE NOTE | |
| Target audience note | E<br/> |
| Source | Raz-Plus<br/> |
| 650 ## - SUBJECT ADDED ENTRY--TOPICAL TERM | |
| Topical term or geographic name entry element | Children’s picture book |
| Form subdivision | Circus |
| 700 ## - ADDED ENTRY--PERSONAL NAME | |
| Personal name | Goldsborough, June |
| Relator term | Illustrator |
| 942 ## - ADDED ENTRY ELEMENTS (KOHA) | |
| Source of classification or shelving scheme | Dewey Decimal Classification |
| Koha item type | Books |
| Suppress in OPAC | No |
| Withdrawn status | Lost status | Source of classification or shelving scheme | Damaged status | Not for loan | Collection | Home library | Current library | Shelving location | Date acquired | Total Checkouts | Full call number | Barcode | Date last seen | Copy number | Price effective from | Koha item type |
|---|---|---|---|---|---|---|---|---|---|---|---|---|---|---|---|---|
| Dewey Decimal Classification | Juvenile Fiction | Footprints International School Library Network Toul Tom Poung Campus | Footprints International School Library Network Toul Tom Poung Campus | TTP Primary Green Bookshelves | 01/29/2026 | HAZ 813.54 PZ7 | 2026-0201 | 01/29/2026 | 1 | 01/29/2026 | Books |
